Applied fluid mechanics. -- 6th ed. (Record no. 34557)

MARC details
000 -LEADER
fixed length control field 00658nam a2200193 a 4500
008 - FIXED-LENGTH DATA ELEMENTS--GENERAL INFORMATION
fixed length control field 160615c20069999||||||||||||||||| || u
020 ## - INTERNATIONAL STANDARD BOOK NUMBER
International Standard Book Number 0132017210
050 ## - LIBRARY OF CONGRESS CALL NUMBER
Classification number CD/TA 357 Mot
100 ## - MAIN ENTRY--PERSONAL NAME
Personal name Mott, Robert L
245 10 - TITLE STATEMENT
Title Applied fluid mechanics. -- 6th ed.
Statement of responsibility, etc. Robert L. Mott
Medium [cd-rom]
250 ## - EDITION STATEMENT
Edition statement 6th ed.
260 ## - PUBLICATION, DISTRIBUTION, ETC.
Place of publication, distribution, etc. Upper Saddle River, NJ
Name of publisher, distributor, etc. Pearson
Date of publication, distribution, etc. 2006
300 ## - PHYSICAL DESCRIPTION
Extent 4 3/4 in.
350 ## - PRICE (NR) (BK AM CF MU VM SE) [OBSOLETE]
Price 0.00
500 ## - GENERAL NOTE
General note CD-ROM available in the Reference Office.
650 ## - SUBJECT ADDED ENTRY--TOPICAL TERM
Topical term or geographic name entry element FLUID MECHANICS
650 ## - SUBJECT ADDED ENTRY--TOPICAL TERM
Topical term or geographic name entry element MECHANICS
995 ## - RECOMMENDATION 995 [LOCAL, UNIMARC FRANCE]
-- CBU-MAIN LIBRARY (Kitwe)
-- 0.00
-- 1
-- AVAILABLE
-- Jun 15, 2016
-- e-Media Collection
Holdings
Withdrawn status Lost status Source of classification or shelving scheme Damaged status Not for loan Home library Current library Shelving location Date acquired Total Checkouts Full call number Barcode Date last seen Price effective from Koha item type
          CBU-MAIN LIBRARY, KITWE. CBU-MAIN LIBRARY, KITWE.   11/30/2022   CD/TA 357 Mot 20162610 11/30/2022 11/30/2022 MONOGRAPH